Travel within: (Record no. 58115)

MARC details
000 -LEADER
fixed length control field 00796nam a22002177a 4500
005 - DATE AND TIME OF LATEST TRANSACTION
control field 2011110400160.0
010 ## - LCCN (DPL NO)
LC control number G-001610
020 ## - INTERNATIONAL STANDARD BOOK NUMBER
Terms of availability 125.00
International Standard Book Number 9788189107468
035 1d - SYSTEM CONTROL NUMBER
System control number G-001610
037 ## - SOURCE OF ACQUISITION
Source of stock number/acquisition Gift
082 ## - DEWEY DECIMAL CLASSIFICATION NUMBER
Classification number 204
100 ## - MAIN ENTRY--PERSONAL NAME
Personal name Hosseini, Jamshid
245 ## - TITLE STATEMENT
Title Travel within:
Statement of responsibility, etc by Jamshid Hosseini [and] Dave Cunningham
Remainder of title the 7 steps to wisdom and inner pease /
260 ## - PUBLICATION, DISTRIBUTION, ETC. (IMPRINT)
Place of publication, distribution, etc Bhopal
Name of publisher, distributor, etc Indra Publishing Hosue
Date of publication, distribution, etc 2009
270 ## - ADDRESS
Address E-5/21, Arera Colony, Habibganj Police Station Road,
City Bhopal
Postal code 462016
300 ## - PHYSICAL DESCRIPTION
Extent viii, 164p.
Dimensions 24cm(pbk)
700 ## - ADDED ENTRY--PERSONAL NAME
Personal name Cunningham, Dave
9 (RLIN) 35716
942 ## - ADDED ENTRY ELEMENTS (KOHA)
Source of classification or shelving scheme Dewey Decimal Classification
Item type English Books
Call number suffix HOS
Classification part 204
Holdings
Withdrawn status Lost status Not for loan Collection code Home library Current library Date acquired Source of acquisition Cost, normal purchase price Full call number Barcode Copy number Cost, replacement price Koha item type
      Non-fiction Janak Puri Janak Puri 04/11/2011 gift 125.00 204 HOS G-001610 1 125.00 English Books

© Delhi Public Library
Hit Counter
free hit counter